Choroby zeleninovej papriky a ochrana proti nim

Bibliographic Details
Main Author: Danko, Ján (Author)
Format: Article
Language:Slovak
PhysicalDescription:Fot. 3. Obr. 1.
Subjects:

MARC

LEADER 00000nab a2200000 a 4500
001 vtls000416173
003 SK-MaSNL
005 20260302234802.0
008 120925c1991 xo 0 slo
015 |a SNBRB19rr/mm-uuuuu 
035 |a CL0416298 
040 |a SNKBUCL  |b slo  |c SNKBUCL  |e AACR2 
041 0 |a slo 
044 |a xo  |c SK 
080 |a 632:635.64  |2 1981 
080 |a 635.64  |2 1981 
080 |a 632  |2 1981 
100 1 |a Danko, Ján  |4 aut  |9 72759 
245 1 0 |a Choroby zeleninovej papriky a ochrana proti nim  |c Ján Danko 
300 |b Fot. 3. Obr. 1. 
650 0 7 |a choroby rastlín  |2 snkbucl  |9 3634 
650 0 7 |a paprika zeleninová  |2 snkbucl  |9 923485 
655 7 |a články z novín a časopisov  |2 snkbucl  |9 267496 
773 0 |t Záhradníctvo  |g Roč. 16, č. 4 (1991), s. 123-125 
850 |a Slovenská národná knižnica v Martine  |a MTA001 
852 |a SNK  |b KIS3GCP 
958 |a RK 
992 |a RBX 
999 |c 1551949  |d 1553879